00436nam a22001697a 450000500170000001000140001702000110003103500130004203700130005508200100006810000200007824500460009826000400014427000560018430000230024070000030026320100805144659.0 aENG-98419 c100.00 aEN-81952 bDBAD/PUB a005.1 aIndragandhi, A. aSoftware engineering /cby A. Indragandhi aPerambalurbMerucury Printersc2008 aMerucury PrintersbPerambalure621212k04328-276458 a141 p.b22cm (Pbk)